Statistics for Largest Cities in a Country, that starts with "T"

Click here to take the quiz!

General Stats

  • This quiz has been taken 39 times
  • The average score is 9 of 17

Answer Stats

PopulationCity% Correct
13,290,000Istanbul
89%
4,540,000Ankara
86%
15,000,000Bangkok
86%
1,990,000Tunis
80%
1,030,000Ashgabat
74%
7,440,000Taipei - Taoyuan
74%
3,110,000İzmir
71%
4,220,000Dar es Salaam
63%
1,070,000Antalya
43%
2,600,000Kaohsiung
40%
1,940,000Lomé
40%
2,940,000Taichung
31%
1,840,000Bursa
29%
1,220,000Tainan
29%
1,830,000Adana
26%
1,190,000Konya
23%
1,390,000Gaziantep
20%

Score Distribution

Percentile by Number Answered

Percent of People with Each Score

Your Score History

You have not taken this quiz